Social Life Of Animals (Record no. 156536)
[ view plain ]
| 000 -LEADER | |
|---|---|
| fixed length control field | 00754nam a22002297a 4500 |
| 005 - DATE AND TIME OF LATEST TRANSACTION | |
| control field | 20180920131411.0 |
| 006 - FIXED-LENGTH DATA ELEMENTS--ADDITIONAL MATERIAL CHARACTERISTICS--GENERAL INFORMATION | |
| fixed length control field | a|||||f|||| 00| 0 |
| 007 - PHYSICAL DESCRIPTION FIXED FIELD--GENERAL INFORMATION | |
| fixed length control field | tc |
| 008 - FIXED-LENGTH DATA ELEMENTS--GENERAL INFORMATION | |
| fixed length control field | 180720b xxu||||| |||| 00| 0 eng d |
| 010 ## - LCCN (DPL NO) | |
| LC control number | BR-001733-BR-001736 |
| 020 ## - INTERNATIONAL STANDARD BOOK NUMBER | |
| Terms of availability | 42.00(per set) |
| 035 ## - SYSTEM CONTROL NUMBER | |
| System control number | BR-001733 |
| 037 ## - SOURCE OF ACQUISITION | |
| Source of stock number/acquisition | A.I.C.B. |
| 082 ## - DEWEY DECIMAL CLASSIFICATION NUMBER | |
| Classification number | 570 |
| 100 ## - MAIN ENTRY--PERSONAL NAME | |
| Personal name | Datta, Sukanya |
| 245 ## - TITLE STATEMENT | |
| Title | Social Life Of Animals |
| Statement of responsibility, etc | by Sukanya Datta |
| 260 ## - PUBLICATION, DISTRIBUTION, ETC. (IMPRINT) | |
| Place of publication, distribution, etc | Delhi |
| Name of publisher, distributor, etc | A.C.I.B. |
| Date of publication, distribution, etc | N.D. |
| 270 ## - ADDRESS | |
| Address | Sector-5, Rohini, |
| City | New Delhi |
| Postal code | 110085 |
| 300 ## - PHYSICAL DESCRIPTION | |
| Extent | 2V.,various pages. |
| Dimensions | 30cm(HB). |
| 942 ## - ADDED ENTRY ELEMENTS (KOHA) | |
| Source of classification or shelving scheme | Dewey Decimal Classification |
| Item type | Braille-Books-English |
| Classification part | 570 |
| Call number suffix | DAT |
| Withdrawn status | Lost status | Materials specified (bound volume or other part) | Not for loan | Collection code | Home library | Current library | Date acquired | Source of acquisition | Cost, normal purchase price | Full call number | Barcode | Copy number | Koha item type |
|---|---|---|---|---|---|---|---|---|---|---|---|---|---|
| V.- 1 | Non-fiction | Braille-Library | Braille-Library | 18/03/2013 | 3605/18-03-2013 | 42.00 | 570 DAT | BR-001733 | 1 | Braille-Books-English | |||
| V.- 2 | Non-fiction | Braille-Library | Braille-Library | 18/03/2013 | 3605/18-03-2013 | 42.00 | 570 DAT | BR-001734 | 1 | Braille-Books-English | |||
| V.- 1 | Non-fiction | Braille-Library | Braille-Library | 18/03/2013 | 3605/18-03-2013 | 42.00 | 570 DAT | BR-001735 | 1 | Braille-Books-English | |||
| V.- 2 | Non-fiction | Braille-Library | Braille-Library | 18/03/2013 | 3605/18-03-2013 | 42.00 | 570 DAT | BR-001736 | 1 | Braille-Books-English |
